000 01098cam a22002894a 4500
999 _c8700
_d8700
001 13174959
003 GBCCL
005 20241126110656.0
008 030424s2003 ilu b 001 0 eng
010 _a 2003009625
020 _a1581345194
040 _aDLC
_cDLC
_dDLC
042 _apcc
050 0 0 _aBT1103
_b.S65 2003
082 0 0 _a239
_221
_bSPR
100 1 _aSproul, R. C.
_q(Robert Charles),
_d1939-
_91291
245 1 0 _aDefending your faith :
_ban introduction to apologetics /
_cR.C. Sproul.
260 _aWheaton, Ill. :
_bCrossway Books,
_cc2003.
300 _a206 p. ;
_c24 cm.
504 _aIncludes bibliographical references and indexes.
650 0 _aApologetics.
_985
856 4 1 _3Table of contents
_uhttp://www.loc.gov/catdir/toc/ecip043/2003009625.html
856 4 2 _3Publisher description
_uhttp://www.loc.gov/catdir/enhancements/fy0912/2003009625-d.html
906 _a7
_bcbc
_corignew
_d1
_eecip
_f20
_gy-gencatlg
942 _2ddc
_cBK
_06